000 00304 a2200157 4500
001 173943
020 _a
040 _cMagnum
100 _aLea, Raquel
240 1 0 _aPequeno polegar
_lpor
245 1 0 _aPequeno polegar
362 0 _a1899
440 1 _aSaraiva
697 _aPEDAGOGIA
942 _cBK
999 _c173943
_d173943